000 00294nam a22001337a 4500
008 171006b xxu||||| |||| 00| 0 eng d
020 _a9780195089646
041 _aeng
080 _a159.9
100 _a49
101 _aPSI
245 _aRESISTING REPRENTATION
_cSCARRY.E
942 _2udc
_cBK
999 _c32227
_d32227